| 000 | 01327aaa a2200337 a 4500 | ||
|---|---|---|---|
| 999 |
_c323125 _d323125 |
||
| 003 | BLK | ||
| 005 | 20250711130628.0 | ||
| 008 | 180815b bul||||| |||| 00| 0 bul d | ||
| 020 | _a9789546558497 | ||
| 040 | _aBLK | ||
| 041 |
_aBUL _cBUL |
||
| 080 |
_aАмериканска литература (на САЩ) _b821.111(73) _x-31 _z821.111(73)-31 |
||
| 100 |
_aРобъртс, Нора _d1950 - _qРобертсън, Елеонора Мари _gДж. Д. Роб, Джил Марч, Сара Хардести _9242848 |
||
| 139 |
_bР 68 _aРобъртс, Нора |
||
| 240 | _aPrivate scandals | ||
| 245 | _aЧастни скандали | ||
| 250 | _a2. изд. | ||
| 257 | _aUSA | ||
| 260 |
_bБард _c2018 _aСофия _fАлианс принт _g2018 |
||
| 300 |
_a526 с. _c20 см |
||
| 380 | _aX | ||
| 500 | _aОриг. загл.: Private scandals / Nora Roberts Нора Робъртс - псевд. на Eleanor Marie Robertson 1. изд. 1995 | ||
| 700 |
_9363363 _aДечева, Цветелина _eпрев. от англ. |
||
| 700 |
_aЧернева, Юлия Недкова _d1955- _9365526 |
||
| 765 | _a Private Scandals | ||
| 852 | _aЦб 292347 | ||
| 942 |
_cKNG _2udc _n0 _064 |
||
| 944 |
_aED _c2019-02-04 _k30576 _lЦветомила Тодорова |
||
| 999 | _d323125 | ||
| 999 | _d323125 | ||